000 00265nam a22001217a 4500
008 190226b xxu||||| |||| 00| 0 eng d
041 _aeng
080 _a821
100 _a21
101 _aGJL
245 _aRecent American Literature
_cHeiney,D
942 _2udc
_cBK
999 _c54268
_d54268